| 000 | 00701namaa22002171 4500 | ||
|---|---|---|---|
| 001 | 178948 | ||
| 003 | ES-MaACL | ||
| 005 | 20230906220629.0 | ||
| 008 | 110811s1911 fr |||| | fre d | ||
| 080 | _a576.12 | ||
| 100 | 1 |
_aCuénot, Lucien. _942013 |
|
| 245 | 1 | 3 |
_aLa genèse des espèces animales / _cpar L. Cuénot. |
| 260 |
_aParis : _bFélix Alcan, _c1911. |
||
| 300 |
_a2 h., III, 496 p. : _bil. ; _c22 cm. |
||
| 490 | 1 |
_aBibliothèque scientifique internationale ; _v115 |
|
| 500 | _aAvec 123 gravures dans le texte. | ||
| 650 | 4 |
_aEvolución. _912625 |
|
| 830 | 0 |
_aBibliothèque scientifique internationale ; _v115 _9186949 |
|
| 852 |
_aES-MaACL _jF-14443 |
||
| 999 |
_c178948 _d178948 |
||